Online katalóg knižníc regiónu Turca

O vílach a princeznách (Record no. 21062)

MARC details
000 -LEADER
fixed length control field 01598nam a2200457 a 4500
001 - CONTROL NUMBER
control field 21062
003 - CONTROL NUMBER IDENTIFIER
control field VRT
005 - DATE AND TIME OF LATEST TRANSACTION
control field 20260211123548.0
008 - FIXED-LENGTH DATA ELEMENTS--GENERAL INFORMATION
fixed length control field 200205s2017 xr a b 000 j slo
015 ## - NATIONAL BIBLIOGRAPHY NUMBER
National bibliography number SNBZSA2017/07
020 ## - INTERNATIONAL STANDARD BOOK NUMBER
International Standard Book Number 9788074516153
Qualifying information (viazané)
035 ## - SYSTEM CONTROL NUMBER
System control number urn:nbn:sk:snk-am00d7ph
035 ## - SYSTEM CONTROL NUMBER
System control number urn:nbn:sk:snk-am3hsi4
035 ## - SYSTEM CONTROL NUMBER
System control number F4CC5741-CCD5-4470-B56A-73DEEA7CFDB8
039 #9 - LEVEL OF BIBLIOGRAPHIC CONTROL AND CODING DETAIL [OBSOLETE]
Level of rules in bibliographic description 202002051819
Level of effort used to assign nonsubject heading access points VLOAD
Level of effort used to assign subject headings 201707131341
Level of effort used to assign classification mskpk06
Level of effort used to assign subject headings 201707031126
Level of effort used to assign classification msnk131
Level of effort used to assign subject headings 201706291429
Level of effort used to assign classification msllk01
040 ## - CATALOGING SOURCE
Original cataloging agency PPPK
Language of cataloging slo
Transcribing agency PPPK
Modifying agency SNK
Description conventions AACR2
041 1# - LANGUAGE CODE
Language code of text/sound track or separate title slo
Language code of original ita
044 ## - COUNTRY OF PUBLISHING/PRODUCING ENTITY CODE
MARC country code xr
ISO country code CZ
072 #7 - SUBJECT CATEGORY CODE
Subject category code 821.131.1-3
Subject category code subdivision Talianska próza
Source konspekt
072 #7 - SUBJECT CATEGORY CODE
Subject category code 821-93
Subject category code subdivision Literatúra pre deti a mládež (beletria)
Source konspekt
080 ## - UNIVERSAL DECIMAL CLASSIFICATION NUMBER
Universal Decimal Classification number 821.131.1-32
Edition identifier 2011
080 ## - UNIVERSAL DECIMAL CLASSIFICATION NUMBER
Universal Decimal Classification number 82-93-053.2
Edition identifier 2011
240 00 - UNIFORM TITLE
Uniform title Grande libro delle Principesse, Grande libro delle Fate, Grande libro delle Streghe
Language of a work Slovensky
245 00 - TITLE STATEMENT
Title O vílach a princeznách
Statement of responsibility, etc. [z talianskeho originálu ... preložila Michaela Hrudová]
260 ## - PUBLICATION, DISTRIBUTION, ETC.
Place of publication, distribution, etc. Praha
Name of publisher, distributor, etc. Ottovo nakladatelství
Date of publication, distribution, etc. 2017
300 ## - PHYSICAL DESCRIPTION
Extent 95 s.
Other physical details ilustr.
Dimensions 29 cm
490 1# - SERIES STATEMENT
Series statement Prvé čítanie
655 #7 - INDEX TERM--GENRE/FORM
Genre/form data or focus term talianske príbehy
Source of term SNKPH
655 #7 - INDEX TERM--GENRE/FORM
Genre/form data or focus term publikácie pre deti
Source of term SNKPH
655 #7 - INDEX TERM--GENRE/FORM
Genre/form data or focus term Italian stories
Source of term SNKPHeng
655 #7 - INDEX TERM--GENRE/FORM
Genre/form data or focus term Children's literature
Source of term SNKPHeng
700 1# - ADDED ENTRY--PERSONAL NAME
Personal name Hrudová, Michaela
Relationship trl
830 #0 - SERIES ADDED ENTRY--UNIFORM TITLE
Uniform title Prvé čítanie
910 ## - USER-OPTION DATA (OCLC)
User-option data pppk
910 ## - USER-OPTION DATA (OCLC)
User-option data snk
910 ## - USER-OPTION DATA (OCLC)
User-option data hevk
910 ## - USER-OPTION DATA (OCLC)
User-option data sllk
910 ## - USER-OPTION DATA (OCLC)
User-option data skpk
942 ## - ADDED ENTRY ELEMENTS (KOHA)
Source of classification or shelving scheme Dewey Decimal Classification
Koha item type Krásna literatúra pre deti
Suppress in OPAC No
949 ## - LOCAL PROCESSING INFORMATION (OCLC)
6 17A1260230
a snkSB 91657
b snk2017/14648
o Pemic17-ah/18Int. č. fa – 16/2017
s 6100:20171211
Holdings
Stav vyradenia Strata Poškodenie Spôsob nadobudnutia Domovská knižnica Aktuálna knižnica Dátum nadobudnutia Total checkouts Čiarový kód exemplára Date last seen Typ exemplára
      Dar Mestská knižnica Turany Mestská knižnica Turany 11.02.2026   4712401296 11.02.2026 Krásna literatúra pre deti
      Dar Obecná knižnica Turčianska Štiavnička Obecná knižnica Turčianska Štiavnička 02.03.2026   4738000177 02.03.2026 Krásna literatúra pre deti
Projekt je podporený Slovenskou asociáciou knižníc
Prevádzkuje Turčianska knižnica Martin 2026